| 000 | 00324nam a22001217a 4500 | ||
|---|---|---|---|
| 020 | _a978-0-19-4799102 | ||
| 082 |
_a030 _bTUR/O |
||
| 100 | _aTURNBULL, JOANNA | ||
| 245 | _aOXFORD ADVANCES LEARNER'S DICTIONARY OF CURRENT ENGLISH | ||
| 260 |
_aDELHI _bOXFORD UNIVERSITY PRESS _c2010 |
||
| 650 |
_aDICTIONARY _zINDIA |
||
| 942 | _cBK | ||
| 999 |
_c2017 _d2017 |
||